000 00284nam a22001337a 4500
008 170616b xxu||||| |||| 00| 0 eng d
020 _a9781878379658
041 _aeng
080 _a32
100 _a20
101 _aSHP
245 _aARTS OF POWER
_cFREEMAN,CH.W
942 _2udc
_cBK
999 _c17723
_d17723